00556nam a2200181Ia 4500003000900000008004100009020001800050040001600068080002100084100002200105245011000127250001200237260003400249300001000283650004100293650001900334650002100353IN-BaIIA211028s9999 xx 000 0 eng d a0-571-18026-4 cIIA Library a523.45(035)bPEE aPeek, Bertrand M. 4aThe planet Jupiterbthe observer's handbookcBertrand M. Peek  a2nd ed. aLondonbFaber and Faberc1981 a240p. aAstronomy and astrophysics thesaurus aPlanet Jupiter aPlanetary system